<?xml version="1.0" encoding="UTF-8"?>
<record
    xmlns:xsi="http://www.w3.org/2001/XMLSchema-instance"
    xsi:schemaLocation="http://www.loc.gov/MARC21/slim http://www.loc.gov/standards/marcxml/schema/MARC21slim.xsd"
    xmlns="http://www.loc.gov/MARC21/slim">

  <leader>00268nam a2200097Ia 4500</leader>
  <controlfield tag="008">230915s9999    xx            000 0 und d</controlfield>
  <datafield tag="050" ind1=" " ind2=" ">
    <subfield code="a">RT 85 .B88 2008 </subfield>
  </datafield>
  <datafield tag="100" ind1=" " ind2=" ">
    <subfield code="a"> BUTTS  JANIE  B.</subfield>
  </datafield>
  <datafield tag="245" ind1=" " ind2="0">
    <subfield code="a">NURSING ETHICS ACROSS THE CURRICULUM AND INTO PRACTICE </subfield>
  </datafield>
  <datafield tag="942" ind1=" " ind2=" ">
    <subfield code="c">BK</subfield>
  </datafield>
  <datafield tag="999" ind1=" " ind2=" ">
    <subfield code="c">200711</subfield>
    <subfield code="d">200711</subfield>
  </datafield>
  <datafield tag="952" ind1=" " ind2=" ">
    <subfield code="0">0</subfield>
    <subfield code="1">0</subfield>
    <subfield code="2">lcc</subfield>
    <subfield code="4">0</subfield>
    <subfield code="7">0</subfield>
    <subfield code="8">MED</subfield>
    <subfield code="a">KSUL</subfield>
    <subfield code="b">KSUL</subfield>
    <subfield code="c">DISPLAY</subfield>
    <subfield code="d">2023-09-15</subfield>
    <subfield code="i">41250</subfield>
    <subfield code="l">0</subfield>
    <subfield code="o">RT 85 .B88 2008</subfield>
    <subfield code="p">046776</subfield>
    <subfield code="r">2023-09-15 12:29:35</subfield>
    <subfield code="t">C.17</subfield>
    <subfield code="w">2023-09-15</subfield>
    <subfield code="y">BK</subfield>
  </datafield>
  <datafield tag="952" ind1=" " ind2=" ">
    <subfield code="0">0</subfield>
    <subfield code="1">0</subfield>
    <subfield code="2">lcc</subfield>
    <subfield code="4">0</subfield>
    <subfield code="7">0</subfield>
    <subfield code="8">MED</subfield>
    <subfield code="a">KSUL</subfield>
    <subfield code="b">KSUL</subfield>
    <subfield code="c">DISPLAY</subfield>
    <subfield code="d">2023-09-15</subfield>
    <subfield code="i">41248</subfield>
    <subfield code="l">0</subfield>
    <subfield code="o">RT 85 .B88 2008</subfield>
    <subfield code="p">46804</subfield>
    <subfield code="r">2023-09-15 12:29:35</subfield>
    <subfield code="t">C.15</subfield>
    <subfield code="w">2023-09-15</subfield>
    <subfield code="y">BK</subfield>
  </datafield>
  <datafield tag="952" ind1=" " ind2=" ">
    <subfield code="0">0</subfield>
    <subfield code="1">0</subfield>
    <subfield code="2">lcc</subfield>
    <subfield code="4">0</subfield>
    <subfield code="7">0</subfield>
    <subfield code="8">MED</subfield>
    <subfield code="a">KSUL</subfield>
    <subfield code="b">KSUL</subfield>
    <subfield code="c">DISPLAY</subfield>
    <subfield code="d">2023-11-16</subfield>
    <subfield code="i">41249</subfield>
    <subfield code="l">0</subfield>
    <subfield code="o">RT 85.5 .B88 2008</subfield>
    <subfield code="p">046805</subfield>
    <subfield code="r">2023-11-16 15:29:27</subfield>
    <subfield code="t">C.16</subfield>
    <subfield code="w">2023-11-16</subfield>
    <subfield code="y">BK</subfield>
  </datafield>
  <datafield tag="952" ind1=" " ind2=" ">
    <subfield code="0">0</subfield>
    <subfield code="1">0</subfield>
    <subfield code="2">lcc</subfield>
    <subfield code="4">0</subfield>
    <subfield code="7">0</subfield>
    <subfield code="8">MED</subfield>
    <subfield code="a">KSUL</subfield>
    <subfield code="b">KSUL</subfield>
    <subfield code="c">DISPLAY</subfield>
    <subfield code="d">2023-11-16</subfield>
    <subfield code="i">41261</subfield>
    <subfield code="l">0</subfield>
    <subfield code="o">RT 85 .B88 2008</subfield>
    <subfield code="p">046802</subfield>
    <subfield code="r">2023-11-16 15:29:27</subfield>
    <subfield code="t">C.28</subfield>
    <subfield code="w">2023-11-16</subfield>
    <subfield code="y">BK</subfield>
  </datafield>
  <datafield tag="952" ind1=" " ind2=" ">
    <subfield code="0">0</subfield>
    <subfield code="1">0</subfield>
    <subfield code="2">lcc</subfield>
    <subfield code="4">0</subfield>
    <subfield code="7">0</subfield>
    <subfield code="8">MED</subfield>
    <subfield code="a">KSUL</subfield>
    <subfield code="b">KSUL</subfield>
    <subfield code="c">DISPLAY</subfield>
    <subfield code="d">2023-11-16</subfield>
    <subfield code="i">41261</subfield>
    <subfield code="l">0</subfield>
    <subfield code="o">RT 85 .B88 2008</subfield>
    <subfield code="p">000000003020</subfield>
    <subfield code="r">2023-11-16 15:29:27</subfield>
    <subfield code="t">C.24</subfield>
    <subfield code="w">2023-11-16</subfield>
    <subfield code="y">BK</subfield>
  </datafield>
  <datafield tag="952" ind1=" " ind2=" ">
    <subfield code="0">0</subfield>
    <subfield code="1">0</subfield>
    <subfield code="2">lcc</subfield>
    <subfield code="4">0</subfield>
    <subfield code="7">0</subfield>
    <subfield code="8">MED</subfield>
    <subfield code="a">KSUL</subfield>
    <subfield code="b">KSUL</subfield>
    <subfield code="c">DISPLAY</subfield>
    <subfield code="d">2023-11-16</subfield>
    <subfield code="i">41570</subfield>
    <subfield code="l">0</subfield>
    <subfield code="o">RT 85 .B88 2008</subfield>
    <subfield code="p">50025</subfield>
    <subfield code="r">2026-01-22 12:40:19</subfield>
    <subfield code="t">C.24</subfield>
    <subfield code="w">2023-11-16</subfield>
    <subfield code="y">BK</subfield>
  </datafield>
  <datafield tag="952" ind1=" " ind2=" ">
    <subfield code="0">0</subfield>
    <subfield code="1">0</subfield>
    <subfield code="2">lcc</subfield>
    <subfield code="4">0</subfield>
    <subfield code="7">0</subfield>
    <subfield code="8">MED</subfield>
    <subfield code="a">KSUL</subfield>
    <subfield code="b">KSUL</subfield>
    <subfield code="c">DISPLAY</subfield>
    <subfield code="d">2023-11-16</subfield>
    <subfield code="i">43005</subfield>
    <subfield code="l">0</subfield>
    <subfield code="o">RT 85 .B88 2008</subfield>
    <subfield code="p">50041</subfield>
    <subfield code="r">2026-01-22 12:45:49</subfield>
    <subfield code="t">C.75</subfield>
    <subfield code="w">2023-11-16</subfield>
    <subfield code="y">BK</subfield>
  </datafield>
</record>
